00729nam a2200217Ia 4500008004100000040001400041082002300055100006600078245004700144250001400191260003100205300001800236365002800254366000800282505002200290530003000312620005800342630004700400650001700447730004700464100315s9999 xx 000 0 und d cENGLISH  b7882 a155.9042  a"Davis, Martha, Eshelman, Elizabeth Robbins, McKay, Matthew " aThe Relaxation & Stress Reduction Workbook a4th ed.  aMUMBAI bJAICO  c1996  a"viii,275  " eRupees d1 b175.00  f0  gVaibhav Gaikwad  bDonated By RBI Library   a"Relaxation, Stress Reduction Workbook, Psychology " aThe Relaxation & Stress Reduction Workbook aPSYCHOLOGY  aThe Relaxation & Stress Reduction Workbook